000 00550nam a2200217 a 4500
001 0001-2216
003 ELIB.Books
008 190803 2010 eng
020 _aKBTS
092 _aB
_bMo
100 _aMorse, Gertrude.
245 _aThe Dogs May Bark
260 _aUnited States of America
_bCollege Press Publishing
_c1998
300 _a427
_c20cm
650 _aBiography
856 _nKBTS Library
_uKBTS Elib
942 _2ddc
_cBK
990 _a1
998 _aEnglishbooks.elf
_ccat
_e2019-08-03
999 _c12216
_d12216